000
00323nam a2200121Ia 4500
008
240624s9999 xx 000 0 und d
041
_a
eng
082
_a
658.4 BUR
100
_a
BURGELMAN ROBERT A
245
_a
INSIDE CORPORATE INNOVATION STRATEGY STR
260
_c
1988
_a
managerial skills
_b
Free Press
300
_a
240 : p.
999
_c
18311
_d
18311